000 00868nam a22002897a 4500
001 BR9001813
003 BR-BrBNA
005 20230928093424.0
007 ta
008 230509b bl.||||| |||| 00| 0 por d
040 _aBR-BrBNA
_bpor
_cBiblioteca Nacional de Agricultura
041 _a(Por)
072 _aE14
_b/G514
090 _ E14 BR9001813
110 1 _aSecretaria de Planejamento, Brasilia, DF (Brasil);
_99043
110 1 _aConselho Nacional de Desenvolvimento Cientifico e Tecnologico, Brasilia, DF (Brasil)
245 1 _aPrograma de Acao Tropico Semi-Arido
260 3 _aBrasilia, DF (Brasil):
_c1984.
300 _a197 p.
650 _aDESENVOLVIMENTO AGRICOLA
650 _aPOLITICA GOVERNAMENTAL
650 _aPESQUISA AGRICOLA
650 _aDIRETRIZ
650 _aREGIAO NORDESTE
909 _a202309
_bLucia
_c55
_dLucia Elande
942 _cBK
999 _c44892
_d44892